Systems of integrating the international community
Guardat en:
| Autor principal: | |
|---|---|
| Format: | Llibre |
| Idioma: | anglès |
| Publicat: |
Nueva York
D. Van Nostrand
1964
|
| Col·lecció: | University of Maryland Symposia in Government and Politics
|
| Matèries: | |
| Etiquetes: |
Afegir etiqueta
Sense etiquetes, Sigues el primer a etiquetar aquest registre!
|
MARC
| LEADER | 00000nam a2200000 a 4500 | ||
|---|---|---|---|
| 001 | UCR7716 | ||
| 003 | CL-VaPUC | ||
| 008 | 980519e19640000US |||||||||||||||||eng|d | ||
| 082 | 0 | 4 | |a 327.17 |b PLI |2 21 |
| 100 | 0 | |a Plischke, Elmer |e author |9 409117 | |
| 245 | 1 | 0 | |a Systems of integrating the international community |
| 300 | |a 198 p | ||
| 942 | |c BK | ||
| 945 | |d 19980519 00:00:00 |a crobeson | ||
| 260 | |a Nueva York |b D. Van Nostrand |c 1964 | ||
| 650 | 0 | |a Política internacional |9 255813 | |
| 650 | 0 | |a Relaciones Internacionales |9 255740 | |
| 650 | 0 | |a Cooperación internacional |9 255447 | |
| 650 | 0 | |a Acuerdos internacionales |9 337381 | |
| 583 | |a last modification |c 19980519 00:00:00 |k Rodrigo Vera | ||
| 490 | 0 | |a University of Maryland Symposia in Government and Politics | |
| 999 | |c 269302 |d 269300 | ||